|
LDR
| 02232nam a2200649 i 4500 |
|---|
| 001 | 24160 |
|---|
| 003 | CZ-PrJAB |
|---|
| 005 | 20160805070936.0 |
|---|
| 007 | ta |
|---|
| 008 | 160212s2015 xr a f 001 0 cze |
|---|
| 015 | | . |
‡acnb002777885 |
|---|
| 020 | | . |
‡a978-80-87500-74-3
‡q(brožováno) |
|---|
| 035 | | . |
‡a(CZ PrNK)nkc20162777885 |
|---|
| 035 | | . |
‡a(OCoLC)949214728 |
|---|
| 040 | | . |
‡aABA001
‡bcze
‡dOLA001
‡erda |
|---|
| 041 | 0 | . |
‡acze
‡beng |
|---|
| 072 | | 7. |
‡a159.95
‡xVyšší duševní procesy
‡2Konspekt
‡917 |
|---|
| 080 | | . |
‡a159.955
‡2MRF |
|---|
| 080 | | . |
‡a37.03-053.2
‡2MRF |
|---|
| 080 | | . |
‡a37.013.73
‡2MRF |
|---|
| 080 | | . |
‡a159.955
‡2MRF |
|---|
| 080 | | . |
‡a37.01:159.923.35
‡2MRF |
|---|
| 080 | | . |
‡a37.012
‡2MRF |
|---|
| 080 | | . |
‡a543.061
‡2MRF |
|---|
| 080 | | . |
‡a543.062
‡2MRF |
|---|
| 080 | | . |
‡a(048.8)
‡2MRF |
|---|
| 100 | 1 | . |
‡aMacků, Richard,
‡d1981-
‡7mzk2013791540
‡4aut |
|---|
| 245 | 1 | 0. |
‡aInstantní, nebo skutečné řešení problému? /
‡cRichard Macků |
|---|
| 250 | | . |
‡a1. vydání |
|---|
| 264 | | 1. |
‡aZlín :
‡bRadim Bačuvčík - VeRBuM,
‡c2015 |
|---|
| 300 | | . |
‡a166 stran, 6 nečíslovaných stran příloh :
‡bilustrace ;
‡c23 cm |
|---|
| 336 | | . |
‡atext
‡btxt
‡2rdacontent |
|---|
| 337 | | . |
‡abez média
‡bn
‡2rdamedia |
|---|
| 338 | | . |
‡asvazek
‡bnc
‡2rdacarrier |
|---|
| 504 | | . |
‡aObsahuje bibliografii, bibliografické odkazy a rejstřík |
|---|
| 546 | | . |
‡aAnglické resumé |
|---|
| 650 | 0 | 7. |
‡ařešení problémů
‡7ph137287
‡2czenas |
|---|
| 650 | 0 | 7. |
‡avýchova dítěte
‡7ph127420
‡2czenas |
|---|
| 650 | 0 | 7. |
‡afilozofie výchovy
‡7ph120230
‡2czenas |
|---|
| 650 | 0 | 7. |
‡arozvoj myšlení
‡7ph135316
‡2czenas |
|---|
| 650 | 0 | 7. |
‡azážitková pedagogika
‡7ph446678
‡2czenas |
|---|
| 650 | 0 | 7. |
‡apedagogický výzkum
‡7ph124017
‡2czenas |
|---|
| 650 | 0 | 7. |
‡akvalitativní analýza
‡7ph115044
‡2czenas |
|---|
| 650 | 0 | 7. |
‡akvantitativní analýza
‡7ph115046
‡2czenas |
|---|
| 650 | 0 | 9. |
‡aproblem solving
‡2eczenas |
|---|
| 650 | 0 | 9. |
‡achild rearing
‡2eczenas |
|---|
| 650 | 0 | 9. |
‡aphilosophy of education
‡2eczenas |
|---|
| 650 | 0 | 9. |
‡adevelopment of thought
‡2eczenas |
|---|
| 650 | 0 | 9. |
‡aexperience pedagogy
‡2eczenas |
|---|
| 650 | 0 | 9. |
‡aeducational research
‡2eczenas |
|---|
| 650 | 0 | 9. |
‡aqualitative analysis
‡2eczenas |
|---|
| 650 | 0 | 9. |
‡aquantitative analysis
‡2eczenas |
|---|
| 655 | | 7. |
‡amonografie
‡7fd132842
‡2czenas |
|---|
| 655 | | 9. |
‡amonographs
‡2eczenas |
|---|
| 910 | | . |
‡aABG312 |
|---|
| 928 | 9 | . |
‡aVeRBuM |
|---|
| 901 | | . |
‡a24160
‡b
‡c24160
‡tbiblio |
|---|